Jak kalkulovat podnikové náklady? /

Gespeichert in:
Bibliographische Detailangaben
1. Verfasser: Macík, Karel (Verfasst von)
Format: Buch
Sprache:Tschechisch
Veröffentlicht: Ostrava : Montanex,a.s, 1994
Tags: Tag hinzufügen
Keine Tags, Fügen Sie das erste Tag hinzu!

MARC

LEADER 00000nam a22000003a 4500
001 stu23091
005 20150617225747.4
008 940314s1994----cs------------------cze-d
020 |a 80-85780-16-X 
040 |a STU  |b slo 
041 0 |a cze 
044 |a cs 
080 |a 338.5 
100 1 |a Macík, Karel  |4 aut 
245 1 |a Jak kalkulovat podnikové náklady? /  |c [aut.]Macík,Karel 
260 |a Ostrava :  |b Montanex,a.s,  |c 1994 
300 |a 125 s :  |b Tab.,grafy,lit 
996 |b C93518  |c C*93518  |l CCXIV  |s P  |a 0  |w stu23091_0001